000 00533nam a2200217Ia 4500
003 OSt
005 20230511151253.0
008 210423s2008 xx 000 0 und d
020 _a081534290x
040 _cAL
041 _aeng
082 _a616.079 MURK
_223
100 _aMURPHY (Kenneth);others.
_9103622
245 _aJaneways immuno biology.
250 _a7
260 _aNew York
_bGarland Science
_c2008
300 _axxi,887
_bPB
365 _b4416
_cINR
906 _abiology. ; immuno ; Janeways
942 _2ddc
_cBK
999 _c164665
_d164665